000 00447nam a2200157 i 4500
001 bg
100 1 _aALEKSANDROWICZ, Julian
245 0 _aPożywienie, woda i sól stołowa w ochronie zdrowia społecznego /
_cJulian Aleksandrowicz, Kazimierz Janicki.
260 _aWrocław,
_c1978.
700 1 _aJANICKI, Kazimierz
040 _cBPK
041 _apol
080 _a614:546:63+664
942 _cKS
008 s pl f |000 0 pol
999 _c17909
_d17909
856 _uhttp://koha.tu.koszalin.pl/cgi-bin/koha/opac-detail.pl?biblionumber=17909
_yKatalog online BPK